Coercion, cooperation, and ethics in international relations (Record no. 6848)

MARC details
000 -LEADER
fixed length control field 00753nam a22002177a 4500
003 - CONTROL NUMBER IDENTIFIER
control field OSt
005 - DATE AND TIME OF LATEST TRANSACTION
control field 20251204141351.0
008 - FIXED-LENGTH DATA ELEMENTS--GENERAL INFORMATION
fixed length control field 251204b |||||||| |||| 00| 0 eng d
020 ## - INTERNATIONAL STANDARD BOOK NUMBER
International Standard Book Number 0-415-95525-4.
040 ## - CATALOGING SOURCE
Original cataloging agency DWCL-Main lib
Transcribing agency OC
082 ## - DEWEY DECIMAL CLASSIFICATION NUMBER
Classification number GR. 172.4 L449c 2007
100 ## - MAIN ENTRY--PERSONAL NAME
Personal name Lebow, Richard Ned
245 ## - TITLE STATEMENT
Title Coercion, cooperation, and ethics in international relations
Statement of responsibility, etc. Lebow, Richard Ned
260 ## - PUBLICATION, DISTRIBUTION, ETC.
Place of publication, distribution, etc. N. Y. :
Name of publisher, distributor, etc. Routledge/Taylor & Francis Group,
Date of publication, distribution, etc. c2007.
300 ## - PHYSICAL DESCRIPTION
Extent xii, 448 pages ;
Dimensions 22 cm.
650 ## - SUBJECT ADDED ENTRY--TOPICAL TERM
Source of heading or term 1. Deterrence (Strategy)-Moral and ethical aspects.
650 ## - SUBJECT ADDED ENTRY--TOPICAL TERM
Source of heading or term 2. Deterrence (Strategy).
650 ## - SUBJECT ADDED ENTRY--TOPICAL TERM
Source of heading or term 3. International cooperation.
650 ## - SUBJECT ADDED ENTRY--TOPICAL TERM
Source of heading or term 4. International relations-Moral and ethical aspects.
942 ## - ADDED ENTRY ELEMENTS (KOHA)
Source of classification or shelving scheme Dewey Decimal Classification
Koha item type General Reference
Call number prefix GR.
Suppress in OPAC No
952 ## - LOCATION AND ITEM INFORMATION (KOHA)
--
Holdings
Withdrawn status Lost status Source of classification or shelving scheme Damaged status Not for loan Home library Current library Shelving location Date acquired Source of acquisition Total Checkouts Full call number Barcode Date last seen Copy number Price effective from Koha item type Uniform Resource Identifier
    Dewey Decimal Classification     College Library College Library General Reference 02/13/2008 School Fund   GR. 172.4 L449c 2007 45633 12/04/2025 c1 12/04/2025 GR